| 000 | 01100cam a22001935a 4500 | ||
|---|---|---|---|
| 001 | L156170 | ||
| 008 | 120502m18221841xxk f 000 0 eng d | ||
| 035 | _a(Sirsi) u156170 | ||
| 041 | 0 | _aeng | |
| 100 | 1 |
_aBaker, George _d1781-1851 |
|
| 245 | 0 | 4 | _aThe history and antiquities of the county of Northampton |
| 260 |
_aLondon _bPublished by John Bowyer Nichols and Son, ... and John Rodwell ... _c1822 |
||
| 300 |
_a2 v. _bill., coats of arms, facsims., geneal. tables, ports _cfol. |
||
| 520 | _aOriginally issued in parts between 1822 and 1841 (some copies include the preliminary leaves issued with individual parts, which were intended to be discarded by the binder). The work was not completed as planned, and copies are usually bound up with the title-leaf and dedication from the first part at the beginning of vol. 2 (cf. Nash et al.). Thus the title-page for vol. 2 usually bears the imprint of John Nichols and Son and Rodwell and Martin, dated 1822. | ||
| 583 | 0 |
_aCondition reviewed _c20120620 _lcondition level 2 and 2 |
|
| 651 | 4 |
_aEngland _y886- |
|
| 690 |
_aRural _96268 |
||
| 942 | _n0 | ||
| 999 |
_c114074 _d114074 |
||